UK Towns Quiz - Northumberland - Statistics

General Stats
  • This quiz has been taken 256 times
  • The average score is 15 of 41
Answer Stats
Clue Populaion Town % Correct
B 13,170 Berwick
89%
B 39,732 Blyth
86%
H 10,941 Hexham
84%
A 8,430 Alnwick
81%
M 14,419 Morpeth
80%
A 28,278 Ashington
79%
C 28,843 Cramlington
71%
S 1,674 Seahouses
57%
A 5,860 Amble
56%
P 10,288 Prudhoe
55%
P 10,148 Ponteland
54%
B 16,193 Bedlington
50%
H 3,645 Haltwhistle
45%
R 2,022 Rothbury
41%
S 8,005 Seaton
41%
S 2,956 Seaton
41%
W 1,931 Wooler
41%
W 1,413 Warkworth
36%
N 5,953 Newbiggin
34%
B 1,029 Bellingham
33%
W 1,661 Wylam
28%
B 1,313 Belford
26%
H 1,233 Haydon Bridge
24%
P 3,302 Pegswood
23%
S 1,783 Shilbottle
23%
S 1,941 Stocksfield
23%
H 1,300 Heddon
20%
L 1,360 Longframlington
20%
A 1,156 Acomb
18%
E 2,135 Ellington
18%
O 1,157 Ovingham
18%
W 2,490 Widdrington
18%
L 1,686 Lynemouth
17%
F 1,269 Felton
16%
S 2,794 Seghill
16%
S 8,194 Stakeford
15%
L 1,174 Longhoughton
13%
H 2,708 Hadston
12%
C 2,888 Cobridge
9%
S 1,520 South Broomhill
4%
N 1,766 New Harley
2%
No matching quizzes found
Score Distribution
Percent of People with Each Score
Percentile by Number Answered
Your Score History
You have not taken this quiz